书目信息 |
| 题名: |
碎金词谱今译
|
|
| 作者: | 刘崇德 , 孙光钧 译谱 | |
| 分册: | ||
| 出版信息: | 保定 河北大学出版社 1999 |
|
| 页数: | 287页 | |
| 开本: | 29cm | |
| 丛书名: | ||
| 单 册: | ||
| 中图分类: | J613.2 | |
| 科图分类: | ||
| 主题词: | 碎金词谱--注译 | |
| 电子资源: | ||
| ISBN: | 7-81028-521-1 | |
| 000 | 00591nam0 2200205 45 | |
| 001 | 0404190924 | |
| 005 | 20040419093743.2 | |
| 010 | @a7-81028-521-1@dCNY60.00 | |
| 100 | @a20040419d1999 km y0chiy0120 ea | |
| 101 | 0 | @achi |
| 105 | @ay z 000yy | |
| 200 | 1 | @a碎金词谱今译@ASui Jin Ci Pu Jin Yi@f刘崇德,孙光钧译谱@FLiu Chong De,Sun Guang Jun Yi Pu |
| 210 | @a保定@c河北大学出版社@d1999 | |
| 215 | @a287页@d29cm | |
| 606 | 0 | @a碎金词谱@x注译 |
| 690 | @aJ613.2@v4 | |
| 701 | 0 | @a刘崇德@4译谱 |
| 701 | 0 | @a孙光钧@4译谱 |
| 801 | @aCN@bTSTC@c20040419 | |
| 905 | @b331674-675@dJ613.2@e179@f2 | |
| 碎金词谱今译/刘崇德,孙光钧译谱.-保定:河北大学出版社,1999 |
| 287页;29cm |
| ISBN 7-81028-521-1:CNY60.00 |
| ● |
| 相关链接 |
|
|
|
|
正题名:碎金词谱今译
索取号:J613.2/179
 
预约/预借
| 序号 | 登录号 | 条形码 | 馆藏地/架位号 | 状态 | 备注 |
| 1 | 0331674 | 203316740 | 第一借阅区/ [索取号:J613.2/179] | 在馆 | |
| 2 | 0331675 | 203316759 | 第一样本阅览室/ [索取号:J613.2/179] | 在馆 |